Statistics for Who Did That 1970s Song #2

Click here to take the quiz!

General Stats

  • This quiz has been taken 33,457 times
    (25,680 since last reset)
  • The average score is 14 of 26

Answer Stats

YearSongBand or Artist% Correct
1970Let It BeThe Beatles
95%
1977We Are the ChampionsQueen
93%
1972Rocket ManElton John
90%
1970ABCThe Jackson 5
87%
1973Piano ManBilly Joel
81%
1978RoxanneThe Police
78%
1975Born to RunBruce Springsteen
71%
1972Smoke on the WaterDeep Purple
67%
1976Dirty Deeds Done
Dirt Cheap
AC/DC
58%
1973Let's Get It OnMarvin Gaye
58%
1977One LoveBob Marley
53%
1970LolaThe Kinks
53%
1976(Don't Fear) the ReaperBlue Öyster Cult
52%
1973The JokerSteve Miller Band
50%
1974It's Only Rock 'n Roll
(But I Like It)
The Rolling Stones
49%
197550 Ways to Leave
Your Lover
Paul Simon
49%
1977Dust in the WindKansas
49%
1975Sweet EmotionAerosmith
47%
1970Oye Como VaSantana
45%
1975LandslideFleetwood Mac
43%
1973Bad, Bad Leroy BrownJim Croce
34%
1978My Best Friend's GirlThe Cars
30%
1974Can't Get Enough of
Your Love, Babe
Barry White
30%
1975Low RiderWar
25%
1974Kung Fu FightingCarl Douglas
20%
1972SuperflyCurtis Mayfield
15%

Score Distribution

Percentile by Number Answered

Percent of People with Each Score

Your Score History

You have not taken this quiz since the last reset